000 00635nam a2200229Ia 4500
003 OSt
005 20221007071132.0
006 a|||||r|||| 00| 0
007 ta
008 221006b |||||||| |||| 00| 0 eng d
024 _a26,778
037 _cTextual
040 _aFLL
_cFLL
_beng
041 _2eng
_aeng
082 _aZ1y7, K0.4c
100 _aDouma J.
_9688196
245 0 _aBibliography on the international court including the permanent court
260 _aLeyden
_bA.W. Sijthoff Leyden
_c1966
300 _axxi,1-387p
_ccm.
942 _hZ1y7, K0.4c
_cTEXL
_2CC
999 _c1142537
_d1142537